[Event "Vojvodina-chT"]
[Site "Novi Sad"]
[Date "2017.11.17"]
[Round "6.5"]
[White "Kovacevic, Goran D"]
[Black "Kovacevic, Dragan"]
[Result "1/2-1/2"]
[WhiteElo "2163"]
[BlackElo "2244"]
[PlyCount "46"]
[EventDate "2017.11.13"]
[EventType "team-tourn"]
[EventRounds "11"]
[EventCountry "SRB"]
[SourceTitle "CBM 181 Extra"]
[Source "ChessBase"]
[SourceDate "2017.12.12"]
[SourceVersion "1"]
[SourceVersionDate "2017.12.12"]
[SourceQuality "1"]
[WhiteTeam "Srpska Crnja Buducnost"]
[BlackTeam "Stara Pazova"]
[WhiteTeamCountry "SRB"]
[BlackTeamCountry "SRB"]

1. d4 d6 2. Nf3 Nf6 3. g3 c6 4. Bg2 Nbd7 5. c4 e5 6. dxe5 dxe5 7. Nc3 Be7 8. 0-0 0-0 9. Qc2 Qc7 10. b3 Re8 11. Bb2 Bf8 12. Rad1 a5 13. Ng5 h6 14. Nge4 Nxe4 15. Nxe4 Nc5 16. Rd2 Nxe4 17. Bxe4 Bb4 18. Rdd1 a4 19. Bh7+ Kh8 20. Bf5 axb3 21. axb3 Ra2 22. Bxc8 Qxc8 23. Ra1 Rxa1 1/2-1/2

[Event "Vojvodina-chT"]
[Site "Novi Sad"]
[Date "2017.11.14"]
[Round "2.5"]
[White "Kovacevic, Goran D"]
[Black "Zegarac, Vuk"]
[Result "1/2-1/2"]
[WhiteElo "2163"]
[BlackElo "2235"]
[PlyCount "70"]
[EventDate "2017.11.13"]
[EventType "team-tourn"]
[EventRounds "11"]
[EventCountry "SRB"]
[SourceTitle "CBM 181 Extra"]
[Source "ChessBase"]
[SourceDate "2017.12.12"]
[SourceVersion "1"]
[SourceVersionDate "2017.12.12"]
[SourceQuality "1"]
[WhiteTeam "Srpska Crnja Buducnost"]
[BlackTeam "Subotica Spartak"]
[WhiteTeamCountry "SRB"]
[BlackTeamCountry "SRB"]

1. d4 Nf6 2. c4 e6 3. Nf3 Bb4+ 4. Nbd2 0-0 5. g3 b6 6. Bg2 Bb7 7. 0-0 Re8 8. a3 Bf8 9. Qc2 d6 10. Rd1 Nbd7 11. e4 e5 12. b4 exd4 13. Nxd4 g6 14. Bb2 Rb8 15. Re1 Bg7 16. Rad1 a6 17. h3 Nf8 18. e5 dxe5 19. Nc6 Bxc6 20. Bxc6 Re6 21. Ne4 Qc8 22. b5 Nxe4 23. Bxe4 Rd6 24. Bg2 Nd7 25. Bd5 axb5 26. cxb5 Nf6 27. Bg2 Rxd1 28. Rxd1 Ne8 29. Kh2 Nd6 30. a4 Qd8 31. Qc6 Qe7 32. Ba3 Bf8 33. Rc1 Rc8 34. Bxd6 Qxd6 35. Qxd6 Bxd6 1/2-1/2